Tropical soils and soil survey
Zapisane w:
| 1. autor: | |
|---|---|
| Format: | Książka |
| Język: | Undetermined |
| Wydane: |
Cambridge
Cambridge Univ. Press
1980
|
| Hasła przedmiotowe: | |
| Etykiety: |
Dodaj etykietę
Nie ma etykietki, Dołącz pierwszą etykiete!
|
| Thư viện lưu trữ: | Trung tâm Học liệu Trường Đại học Cần Thơ |
|---|
| LEADER | 00492nam a2200181Ia 4500 | ||
|---|---|---|---|
| 001 | CTU_21823 | ||
| 008 | 210402s9999 xx 000 0 und d | ||
| 082 | |a 631.4 | ||
| 082 | |b Y68 | ||
| 100 | |a Young, Anthony | ||
| 245 | 0 | |a Tropical soils and soil survey | |
| 245 | 0 | |c Anthony Young | |
| 260 | |a Cambridge | ||
| 260 | |b Cambridge Univ. Press | ||
| 260 | |c 1980 | ||
| 650 | |a Soil surveys,Tropical crops | ||
| 904 | |i Minh, 980120 | ||
| 980 | |a Trung tâm Học liệu Trường Đại học Cần Thơ | ||